اعيان الشيعة / (Record no. 59671)
[ view plain ]
| 000 -الفاتح | |
|---|---|
| حقل البيانات ثابتة الطول | 00604nam a2200193Ia 4500 |
| 005 - وقت وتاريخ اخر تعامل مع التسجيلة | |
| رقم الضبط | 20240530110317.0 |
| 008 - عناصر البيانات ثابتة الطول - معلومات عامة | |
| حقل البيانات ثابتة الطول | 140319s9999 xx 000 0 ara d |
| 040 ## - مصدر الفهرسة | |
| وكالة الفهرسة الأصلية | GCL / |
| وكالة النسخ | GCL |
| 082 04 - رقم تصنيف ديوى العشرى | |
| رقم التصنيف | 922 |
| رقم المادة | اا |
| 100 1# - المدخل الرئيسى - إسم شخصى | |
| الإسم الشخصى | السيد محسن الامين |
| 245 10 - بيان العنوان | |
| العنوان | اعيان الشيعة / |
| بيان المسئوليه,etc | السيد محسن الامين |
| 260 ## - PUBLICATION, DISTRIBUTION, ETC. (IMPRINT) | |
| تاريخ النشر أو التوزيع | 1986 |
| 490 ## - بيان السلسلة | |
| عنوان السلسلة | شكاوى المصرى الفصيح |
| رقم المجلد/ التعيين التسلسلي | 0 |
| 650 04 - المدخل الاضافى بالموضوع-مصطلح موضوعى | |
| مصطلح موضوعي | الاسلام |
| 650 04 - المدخل الاضافى بالموضوع-مصطلح موضوعى | |
| مصطلح موضوعي | الفرق الاسلامية |
| 650 04 - المدخل الاضافى بالموضوع-مصطلح موضوعى | |
| مصطلح موضوعي | الشيعة |
| 942 ## - عناصر المدخل الإضافي( كوها) | |
| مصدر التصنيف او مخطط الترفيف | Dewey Decimal Classification |
| Koha [default] item type | المراجع |
| 260 ## - PUBLICATION, DISTRIBUTION, ETC. (IMPRINT) | |
| -- | بيروت : |
| -- | دار التعارف للمطبوعات ، |
| حالة التراجع | حالة الفقد | حالة تلف | ليس للاعارة | المكان المؤقت | الموقع الحالى | تاريخ الاكتساب | اجمالي اﻻعارات | رقم الطلب | الباركود | تاريخ اخر مشاهدة | تاريخ تفعيل السعر | نوع وعاء كوها | مصدر التصنيف او خطة الترفيف |
|---|---|---|---|---|---|---|---|---|---|---|---|---|---|
| مكتبة القاهرة الكبرى | مكتبة القاهرة الكبرى | 03/26/2014 | 922\أ أ | 157859 | 03/26/2014 | 03/26/2014 | المراجع | ||||||
| مكتبة القاهرة الكبرى | مكتبة القاهرة الكبرى | 03/26/2014 | 922\أ أ | 157860 | 03/26/2014 | 03/26/2014 | المراجع | ||||||
| مكتبة القاهرة الكبرى | مكتبة القاهرة الكبرى | 03/26/2014 | 922\أ أ | 157861 | 03/26/2014 | 03/26/2014 | المراجع | ||||||
| مكتبة القاهرة الكبرى | مكتبة القاهرة الكبرى | 03/26/2014 | 922\أ أ | 157862 | 03/26/2014 | 03/26/2014 | المراجع | ||||||
| مكتبة القاهرة الكبرى | مكتبة القاهرة الكبرى | 03/26/2014 | 922\أ أ | 157863 | 03/26/2014 | 03/26/2014 | المراجع | ||||||
| مكتبة القاهرة الكبرى | مكتبة القاهرة الكبرى | 03/26/2014 | 922\أ أ | 157864 | 03/26/2014 | 03/26/2014 | المراجع | ||||||
| مكتبة القاهرة الكبرى | مكتبة القاهرة الكبرى | 03/26/2014 | 922\أ أ | 157865 | 03/26/2014 | 03/26/2014 | المراجع | ||||||
| مكتبة القاهرة الكبرى | مكتبة القاهرة الكبرى | 03/26/2014 | 922\أ أ | 157866 | 03/26/2014 | 03/26/2014 | المراجع | ||||||
| مكتبة القاهرة الكبرى | مكتبة القاهرة الكبرى | 11/05/2022 | 922\أ أ | 168743 | 11/05/2022 | 11/05/2022 | المراجع | ddc | |||||
| مكتبة القاهرة الكبرى | مكتبة القاهرة الكبرى | 11/05/2022 | 922\أ أ | 168744 | 11/05/2022 | 11/05/2022 | المراجع | ddc |

